01016nam a2200241 a 4500001001000000003000400010005001700014008004100031040002500072082002000097100003800117245007900155260006400234300002000298500013700318502005300455590002700508650005300535910003700588942001400625952011800639999001700757000034680OSt20201023084525.0111018s1942 dr r 000 0 spa d aDO-SdBNPbspacBNPHU a616.9362bF363c1 aFernández Naranjo, Fidel96011310aContribución al estudio de la endemicidad palúdica índice esplenico. aCiudad Trujillo, República Dominicana :bMontalvo,c1942. a60 p. ;c24 cm. aTesis para optar por el grado de Doctor en Medicina de la Universidad de Santo Domingo, República Dominicana, Facultad de Medicina aTesis (Ph.D.)-Universidad de Santo Domingo, 1942 aInventariado, 2018/MFF 4aMalariavTESIS Y DISERTACIONES ACADEMICAS960114 aValidado. Control de calidad MFF 2ddccLBS1 00102ddc718RVaPDbPDcHDd2011-10-18iLF1l0oBNPHU PD-RV 616.9362 F363cp34680-10r2020-06-25w2020-06-25y1 c34171d34171